000 00629nam a2200229Ia 4500
003 OSt
005 20221007062241.0
006 a|||||r|||| 00| 0
007 ta
008 221006b |||||||| |||| 00| 0 eng d
024 _a12,628
037 _cTextual
040 _aFLL
_cFLL
_beng
041 _2eng
_aeng
082 _aV2,32.N7, L9
100 _aSrivastava S. Au.
_9682457
245 0 _aConstitution and functioning of rajyasabha
260 _aAllahabad
_bChugh publications India
_c1979
300 _a360p
_ccm.
942 _hV2,32.N7, L9
_cTEXL
_2CC
999 _c1128126
_d1128126